00905cam a22002533a 450000100060000000300060000600500170001200800410002904000150007004200070008505000070009210000310009924501210013026000290025150600300028051600200031065300420033065300420037265300760041465300450049065300450053583000290058085600420060931260PGUSA20140828083657.0100212s2010||||xxu|||||s|||||000 | eng d aPGUSAbeng adc 4aDC1 aVandal, Albert,d1853-191010aNapoléon et Alexandre Ier (2/3) :bL'alliance russe sous le premier Empireh[electronic resource] /cAlbert Vandal bProject Gutenberg,c2010 aPublic domain in the USA. aElectronic text aRussia -- Foreign relations -- France aFrance -- Foreign relations -- Russia aNapoleon I, Emperor of the French, 1769-1821 -- Relations with Russians aFrance -- Foreign relations -- 1792-1815 aRussia -- Foreign relations -- 1801-1825 0aProject Gutenbergv3126040uhttp://www.gutenberg.org/ebooks/31260